Guide to house rebuilding costs for insurance valuation. 1982/83 edition (Record no. 88292)
[ view plain ]
| 000 -LEADER | |
|---|---|
| fixed length control field | 00625cam a2200193 4500 |
| 001 - CONTROL NUMBER | |
| control field | D15458 |
| 008 - FIXED-LENGTH DATA ELEMENTS--GENERAL INFORMATION | |
| fixed length control field | 090401t1982 xxu||||| |||| 00| 0 eng d |
| 035 ## - SYSTEM CONTROL NUMBER | |
| System control number | (Sirsi) u22984 |
| 041 ## - LANGUAGE CODE | |
| Language code of text/sound track or separate title | eng |
| 050 ## - LIBRARY OF CONGRESS CALL NUMBER | |
| Classification number | 690.23 |
| 110 ## - MAIN ENTRY--CORPORATE NAME | |
| Corporate name or jurisdiction name as entry element | Royal Institution of Chartered Surveyors |
| 9 (RLIN) | 4900 |
| 245 ## - TITLE STATEMENT | |
| Title | Guide to house rebuilding costs for insurance valuation. 1982/83 edition |
| 260 ## - PUBLICATION, DISTRIBUTION, ETC. | |
| Name of publisher, distributor, etc. | RICS |
| Date of publication, distribution, etc. | 1982 |
| 300 ## - PHYSICAL DESCRIPTION | |
| Extent | 56p. 30cm |
| 350 ## - PRICE (NR) (BK AM CF MU VM SE) [OBSOLETE] | |
| Price | 0 |
| 520 ## - SUMMARY, ETC. | |
| Summary, etc. | Filed in box RICS 1982/51 ABC ;Prepared on behalf of the British Insurance Association by the Building Cost Information Service of the RICS |
| 942 ## - ADDED ENTRY ELEMENTS (KOHA) | |
| Suppress in OPAC | 0 |
| 948 ## - LOCAL PROCESSING INFORMATION (OCLC); SERIES PART DESIGNATOR (RLIN) | |
| c (OCLC) | 04/03/1997 |
| Withdrawn status | Lost status | Damaged status | Not for loan | Home library | Current library | Shelving location | Date acquired | Total Checkouts | Full call number | Barcode | Date last seen | Date last checked out | Copy number | Price effective from | Koha item type | Source of classification or shelving scheme |
|---|---|---|---|---|---|---|---|---|---|---|---|---|---|---|---|---|
| Missing | London | London | Missing | 14/09/1999 | 5 | RICS 1982/51 | 30006992 | 06/08/2019 | 13/11/2007 | 1 | 06/08/2019 | Book | ||||
| London | London | RICS Boxes | 13/08/1991 | RICS 1982/51 | 30006993 | 06/08/2019 | 2 | 06/08/2019 | Reference material | Other/Generic Classification Scheme | ||||||
| London | London | RICS Boxes | 08/01/1992 | RICS 1982/51 | 30031257 | 06/08/2019 | 3 | 06/08/2019 | Archive | Other/Generic Classification Scheme | ||||||
| London | London | RICS Boxes | 14/10/2008 | 1 | RICS 1982/51 | 30076249 | 06/08/2019 | 14/10/2008 | 4 | 06/08/2019 | Book | Other/Generic Classification Scheme |